No easy day : (Record no. 12686)
[ view plain ]
| 000 -LEADER | |
|---|---|
| fixed length control field | 01453cam a2200397 i 4500 |
| 001 - CONTROL NUMBER | |
| control field | 12686 |
| 003 - CONTROL NUMBER IDENTIFIER | |
| control field | BDJhCC |
| 005 - DATE AND TIME OF LATEST TRANSACTION | |
| control field | 20230506105657.0 |
| 008 - FIXED-LENGTH DATA ELEMENTS--GENERAL INFORMATION | |
| fixed length control field | 230506s2012 nyua b 000 0aeng |
| 010 ## - LIBRARY OF CONGRESS CONTROL NUMBER | |
| LC control number | 2012371921 |
| 020 ## - INTERNATIONAL STANDARD BOOK NUMBER | |
| International Standard Book Number | 9780525953722 |
| 022 ## - INTERNATIONAL STANDARD SERIAL NUMBER | |
| Source | 9780525953722 |
| 035 ## - SYSTEM CONTROL NUMBER | |
| System control number | (BDJhCC)12686 |
| 040 ## - CATALOGING SOURCE | |
| Original cataloging agency | DLC |
| Language of cataloging | eng |
| Transcribing agency | DLC |
| Description conventions | rda |
| Modifying agency | BDJhCC |
| 042 ## - AUTHENTICATION CODE | |
| Authentication code | pcc |
| 043 ## - GEOGRAPHIC AREA CODE | |
| Geographic area code | n-us--- |
| -- | a-pk--- |
| 050 00 - LIBRARY OF CONGRESS CALL NUMBER | |
| Classification number | VG87 |
| Item number | .O94 2012b |
| 082 00 - DEWEY DECIMAL CLASSIFICATION NUMBER | |
| Classification number | 958.104/6092 |
| -- | B |
| Edition number | 23 |
| Item number | OWN 2012 |
| 100 1# - MAIN ENTRY--PERSONAL NAME | |
| Personal name | Owen, Mark, |
| Dates associated with a name | 1976?- |
| 245 10 - TITLE STATEMENT | |
| Title | No easy day : |
| Remainder of title | the autobiography of a Navy SEAL : the firsthand account of the mission that killed Osama Bin Laden / |
| Statement of responsibility, etc. | Mark Owen ; with Kevin Maurer. |
| 264 #1 - PRODUCTION, PUBLICATION, DISTRIBUTION, MANUFACTURE, AND COPYRIGHT NOTICE | |
| Place of production, publication, distribution, manufacture | New York, New York : |
| Name of producer, publisher, distributor, manufacturer | Dutton, |
| Date of production, publication, distribution, manufacture, or copyright notice | [2012] |
| 300 ## - PHYSICAL DESCRIPTION | |
| Extent | xiii, 316 pages : |
| Other physical details | illustrations (some color) ; |
| Dimensions | 24 cm |
| 336 ## - CONTENT TYPE | |
| Content type term | text |
| Source | rdacontent |
| 337 ## - MEDIA TYPE | |
| Media type term | unmediated |
| Source | rdamedia |
| 338 ## - CARRIER TYPE | |
| Carrier type term | volume |
| Source | rdacarrier |
| 504 ## - BIBLIOGRAPHY, ETC. NOTE | |
| Bibliography, etc. note | Includes bibliographical references (pages 311-313). |
| 600 10 - SUBJECT ADDED ENTRY--PERSONAL NAME | |
| Personal name | Owen, Mark, |
| Dates associated with a name | 1976?- |
| 600 10 - SUBJECT ADDED ENTRY--PERSONAL NAME | |
| Personal name | Bin Laden, Osama, |
| Dates associated with a name | 1957-2011 |
| General subdivision | Assassination. |
| 600 10 - SUBJECT ADDED ENTRY--PERSONAL NAME | |
| Personal name | Bin Laden, Osama, |
| Dates associated with a name | 1957-2011 |
| General subdivision | Death and burial. |
| 610 10 - SUBJECT ADDED ENTRY--CORPORATE NAME | |
| Corporate name or jurisdiction name as entry element | United States. |
| Subordinate unit | Navy. |
| -- | SEALs |
| Form subdivision | Biography. |
| 610 10 - SUBJECT ADDED ENTRY--CORPORATE NAME | |
| Corporate name or jurisdiction name as entry element | United States. |
| Subordinate unit | Navy |
| General subdivision | Commando troops |
| Form subdivision | Biography. |
| 610 20 - SUBJECT ADDED ENTRY--CORPORATE NAME | |
| Corporate name or jurisdiction name as entry element | Qaida (Organization) |
| 700 1# - ADDED ENTRY--PERSONAL NAME | |
| Personal name | Maurer, Kevin. |
| 942 ## - ADDED ENTRY ELEMENTS (KOHA) | |
| Source of classification or shelving scheme | Dewey Decimal Classification |
| Koha item type | Books |
| Withdrawn status | Lost status | Source of classification or shelving scheme | Damaged status | Not for loan | Home library | Current library | Shelving location | Date acquired | Total Checkouts | Full call number | Barcode | Date last seen | Date last checked out | Copy number | Price effective from | Koha item type |
|---|---|---|---|---|---|---|---|---|---|---|---|---|---|---|---|---|
| Dewey Decimal Classification | JCC Rouf Library | JCC Rouf Library | General Stacks | 05/06/2023 | 7 | 958.104/6092 OWN 2012 | 17592 | 01/28/2026 | 11/02/2025 | C-1 | 05/06/2023 | Books |